paroles AUX CHAMPS ELYSEES de JOE DASSIN - Statistiques

Statistiques générales
  • Ce quiz a été pris 85 fois
  • Le résultat moyen est 59 sur 102
Statistiques - réponses
paroles paroles % Correct
a a | au | elysees | +5 others
89%
champs coeur | fous | il | +6 others
80%
au a
79%
elysees a | aux | avec | +6 others
76%
aux a | des | et | +6 others
75%
la du | fut | il | que
70%
ce dire
64%
tout chante | je | qui | rendez
63%
il accompagnee | m'as
61%
midi aux | matin
61%
minuit t'ai | tu
61%
ou alors | champs
61%
vous a | dans | sur
61%
voulez danse | l'avenue | un
59%
y dit | on
57%
sous ce | main
55%
pluie soir | vous
54%
soleil la | tout
54%
c'que m'baladais | on | vous
51%
de dit
42%
et de | t'ai
42%
matin bonjour
41%
sur a
38%
du au | sous
36%
un de
36%
par ce
34%
soir l'inconnu
34%
tous aux
34%
l'avenue n'importe
32%
les champs
32%
inconnus envie
30%
nuit je
30%
amoureux n'importe
29%
deux j'avais | qui
29%
hier a
29%
concorde suffisait
28%
etourdis et
28%
longue toi
28%
l'etoile n'importe
26%
orchestre te
26%
chantent pluie
25%
cordes t'apprivoiser
25%
jour la
25%
l'amour a
25%
mille pour
25%
point soleil
18%
oisaux elysees
7%
Aucun quiz correspondant
Distribution des résultats
% des personnes avec chaque résultat
Percentile par nombre de réponses
Votre historique - résultats
Vous n’avez pas pris ce quiz